Vista normal
Vista MARC
Entrada Materia (personas)
Número de registros utilizados en: 2
001 - CONTROL NUMBER
- control field: 77385
003 - CONTROL NUMBER IDENTIFIER
- control field: Co-BoUCM
005 - DATE AND TIME OF LATEST TRANSACTION
- control field: 20160524090410.0
008 - FIXED-LENGTH DATA ELEMENTS
- fixed length control field: 160524|| aca||aabn | a|a d
040 ## - CATALOGING SOURCE
- Original cataloging agency: Co-BoUCM
- Transcribing agency: Co-BoUCM
100 ## - HEADING--PERSONAL NAME
- Personal name: Gómez Hermosilla, José
- Dates associated with a name: 1771-1837
670 ## - SOURCE DATA FOUND
- Source citation: Work cat.: (Co-BoUCM): Gómez Hermosilla, José 1771-1837, Arte de hablar en prosa y verso, 1883